Le cinema georgien
Enregistré dans:
| Auteur principal: | |
|---|---|
| Collectivité auteur: | |
| Format: | Livre |
| Langue: | français |
| Publié: |
París
Centre Georges Pompidou
1988
|
| Collection: | Cinéma. Pluriel. dirigée par Jean-Loup Passek
|
| Sujets: | |
| Tags: |
Ajouter un tag
Pas de tags, Soyez le premier à ajouter un tag!
|
MARC
| LEADER | 00000nam a2200000 a 4500 | ||
|---|---|---|---|
| 001 | UCV9972 | ||
| 003 | CL-VaPUC | ||
| 008 | 930819e19880000FR |||||||||||||||||fre|d | ||
| 082 | 0 | 4 | |a 791.43 |b RAD |2 21 |
| 100 | 0 | |a Radvanyi, Jean |e author |9 303969 | |
| 110 | 2 | |a Centre Georges Pompidou, Francia |e author |9 303970 | |
| 245 | 1 | 3 | |a Le cinema georgien |
| 300 | |a 191 p | ||
| 942 | |c BK | ||
| 945 | |d 19930819 00:00:00 | ||
| 260 | |a París |b Centre Georges Pompidou |c 1988 | ||
| 500 | |a Obra publicada con ocasión de la restrospectiva del cine georgiano realizada por el Centre Georges Pompidou, nov. 1988 a enero 1989 en París | ||
| 500 | |a Incluye un diccionario de realizadores cinematográficos | ||
| 650 | 0 | |a Cine |9 225706 | |
| 650 | 7 | |a REALISMO SOCIALISTA EN EL ARTE |2 CL-VaPUC |9 268977 | |
| 651 | 0 | |a Unión Soviética |9 256769 | |
| 583 | |a last modification |c 20180314 14:49:11 |k Rodrigo Vera | ||
| 490 | 0 | |a Cinéma. Pluriel. dirigée par Jean-Loup Passek | |
| 999 | |c 215239 |d 215237 | ||
| 952 | |0 0 |1 0 |4 0 |6 791_430000000000000_RAD_1988 |7 0 |8 A |9 199293 |a BIBART |b BIBART |d 2019-11-14 |i 1207970 |o 791.43 RAD 1988 |p 1207970 |r 2025-03-13 |w 2019-11-14 |y BK |k ART | ||